000 00543nam a2200205Ia 4500
003 GCL
008 140319s9999 xx 000 0 ara d
020 _a3822887135
040 _aGCL /
_cGCL
082 0 4 _a759
_bR V
100 1 _aLOPEZ - REY, JOSE
245 1 0 _aVELAZQUEZ :
_bCATALOGUE RAISONNAE WERKVERZEICHINS /
_cLOPEZ - REY, JOSE
260 _aالمانيا :
_bTASCHEN ،
_c1996
300 _a2 VOLS.
_bILL. ؛
_c32 cm.
650 0 4 _aPAINTING
650 0 4 _aARTISTS
650 0 4 _aPAINTERS
650 0 4 _aVELAZQUEZ
942 _2ddc
_cBK
999 _c7451
_d7451